MARC

LEADER 00000nab a2200000 a 4500
001 vtls000028719
003 SK-MaSNL
005 20260303031300.0
008 111103c1979 xo 0 slo
015 |a SNBRB19rr/mm-uuuuu 
035 |a CL0038813 
040 |a SNKBUCL  |b slo  |c SNKBUCL  |e AACR2 
041 0 |a slo 
044 |a xo  |c SK 
080 |a 885.4-2(087.5)  |2 1981 
100 1 |a Bakošová-Zlatošová, Elena,  |d 1943-  |4 aut  |9 11399 
245 1 0 |a Kde bolo, tam bolo..  |c Elena Zlatošová 
500 |a Príloha časopisu Javisko č.4, 1979. 
650 0 7 |a rozprávky scénické  |2 snkbucl  |9 1005859 
650 0 7 |a dramatizácie divadelné  |2 snkbucl  |9 1013298 
650 0 7 |a literatúra pre deti a mládež  |2 snkbucl  |9 21893 
655 7 |a články z novín a časopisov  |2 snkbucl  |9 267496 
655 7 |a články z odboru literárna veda a krásna literatúra  |2 snkbucl  |9 770045 
773 0 |t Malý repertoár  |g Roč. 11, č. 4 (1979), s. 81-83 
850 |a Slovenská národná knižnica v Martine  |a MTA001 
852 |a SNK  |b KIS3GCP 
958 |a RK 
958 |a LX 
992 |a RBX 
999 |c 1657040  |d 1658970